00695nam a2200169 i 450000100060000000300090000600700030001500800410001810000270005924501650008626000540025130000220030570000280032785200320035599900170038795201210040487644ES-MaACLt|041222s1983 sp ||||1| spa d1 aKuhn, Thomas S.96898813aLa tensión esencial b: estudios selectos sobre la tradición y el cambio en el ámbito de la ciencia / cThomas S. Kuhn ; [traducción de Roberto Helier]. aMadrid : bFondo de Cultura Económica, c[1983] a380 p. ; c21 cm.1 aHelier, Roberto.962429 aES-MaACLjL-6391 bR.107097 c87644d87644 00104070aATENEOMbATENEOMcDEPO2d2008-01-17eSCl0oL-6391p1091562r2023-02-23 00:00:00w2023-02-23yMONOGRAFIA